000 00621nam a2200241Ia 4500
003 OSt
005 20220918163523.0
006 a|||||r|||| 00| 0
007 ta
008 220917b |||||||| |||| 00| 0 eng d
020 _a0070287309
024 _a246,643
037 _cTextual
040 _aARTS
_cARTS
_beng
041 _2eng
_aeng
082 _aX:8, L5
100 _aHicks Herbert G.
_913512
245 0 _aOrganizations
_b theory and behavior
260 _aNew York
_bMcGraw Hill USA
_c1975
300 _a446p.
_ccm.
942 _hX:8, L5
_cTEXL
_2CC
999 _c119909
_d119909